<?xml version="1.0" encoding="UTF-8"?>
<record
    xmlns:xsi="http://www.w3.org/2001/XMLSchema-instance"
    xsi:schemaLocation="http://www.loc.gov/MARC21/slim http://www.loc.gov/standards/marcxml/schema/MARC21slim.xsd"
    xmlns="http://www.loc.gov/MARC21/slim">

  <leader>00527nam a2200181   4500</leader>
  <datafield tag="999" ind1=" " ind2=" ">
    <subfield code="c">165584</subfield>
    <subfield code="d">165584</subfield>
  </datafield>
  <controlfield tag="005">20190624124505.0</controlfield>
  <datafield tag="010" ind1=" " ind2=" ">
    <subfield code="a">ENG-125728</subfield>
  </datafield>
  <datafield tag="020" ind1=" " ind2=" ">
    <subfield code="a">9789386473356</subfield>
    <subfield code="c">395.00</subfield>
  </datafield>
  <datafield tag="035" ind1=" " ind2=" ">
    <subfield code="a">EN-109260</subfield>
  </datafield>
  <datafield tag="037" ind1=" " ind2=" ">
    <subfield code="b">DBAD/PUB</subfield>
  </datafield>
  <datafield tag="082" ind1=" " ind2=" ">
    <subfield code="a">954.092</subfield>
  </datafield>
  <datafield tag="100" ind1=" " ind2=" ">
    <subfield code="a">Dhar, Anuj</subfield>
  </datafield>
  <datafield tag="245" ind1=" " ind2=" ">
    <subfield code="a">Your prime minister is dead /</subfield>
    <subfield code="c">by Anuj Dhar</subfield>
  </datafield>
  <datafield tag="260" ind1=" " ind2=" ">
    <subfield code="a">New Delhi</subfield>
    <subfield code="b">Vistasta Publishing </subfield>
    <subfield code="c">2019</subfield>
  </datafield>
  <datafield tag="270" ind1=" " ind2=" ">
    <subfield code="a">2/15, Ansari Road</subfield>
    <subfield code="b">Daryaganj, New Delhi</subfield>
    <subfield code="e">110002</subfield>
  </datafield>
  <datafield tag="300" ind1=" " ind2=" ">
    <subfield code="a">vii,289p.</subfield>
    <subfield code="c">20cm(pbk)</subfield>
  </datafield>
  <datafield tag="942" ind1=" " ind2=" ">
    <subfield code="2">ddc</subfield>
    <subfield code="c">EN</subfield>
    <subfield code="h">954.092</subfield>
    <subfield code="m">DHA</subfield>
  </datafield>
  <datafield tag="952" ind1=" " ind2=" ">
    <subfield code="0">0</subfield>
    <subfield code="1">0</subfield>
    <subfield code="4">0</subfield>
    <subfield code="7">0</subfield>
    <subfield code="8">NFIC</subfield>
    <subfield code="a">L</subfield>
    <subfield code="b">L</subfield>
    <subfield code="d">2019-06-24</subfield>
    <subfield code="e">DBAD/PUB</subfield>
    <subfield code="g">395.00</subfield>
    <subfield code="l">10</subfield>
    <subfield code="m">6</subfield>
    <subfield code="o">954.092 DHA</subfield>
    <subfield code="p">EN-109260</subfield>
    <subfield code="r">2025-08-08 00:00:00</subfield>
    <subfield code="s">2025-07-11</subfield>
    <subfield code="t">1</subfield>
    <subfield code="v">395.00</subfield>
    <subfield code="y">EN</subfield>
  </datafield>
</record>
